Well-being in danish cities
Saved in:
| Format: | Book |
|---|---|
| Language: | English |
| Published: |
Paris
OECD
2016
|
| Subjects: | |
| Tags: |
No Tags, Be the first to tag this record!
|
MARC
| LEADER | 00000nam a2200000 4500 | ||
|---|---|---|---|
| 001 | 0234165 | ||
| 005 | 20221107101324.5 | ||
| 020 | |a 978-92-64-26523-3 | ||
| 041 | 0 | |a eng | |
| 044 | |a FR | ||
| 245 | 1 | 0 | |a Well-being in danish cities |
| 264 | 1 | |a Paris |b OECD |c 2016 | |
| 300 | |a 85 s. | ||
| 610 | 2 | 0 | |a blahobyt |
| 610 | 2 | 0 | |a úroveň životná |
| 610 | 2 | 0 | |a mestá |
| 610 | 2 | 0 | |a Dánsko |